| 000 | 00420nam a22001337a 4500 | ||
|---|---|---|---|
| 020 | _qHB. | ||
| 040 | _cFIZZA ISHAQ | ||
| 082 |
_a388.40286 _bLOW |
||
| 100 |
_aLow, Nicholas. _985150 |
||
| 245 |
_aTransforming Urban Transport: The Ethics, Politics and Practices of Sustainable Mobility / _cNicholas Low. |
||
| 260 |
_aNEW YORK: _b Routledge, _c2013. |
||
| 300 |
_a268 p. ; _c 6.25 x 1 x 9.25 inches |
||
| 942 |
_2ddc _cBK |
||
| 999 |
_c616434 _d616434 |
||